Statistics for Skylanders Spyro's Adventure Skylanders

Click here to take the quiz!

General Stats

  • This quiz has been taken 70 times
  • The average score is 22 of 32

Answer Stats

ElementAnswer% Correct
MagicSpyro
89%
LifeStealth Elf
89%
TechTrigger Happy
87%
WaterGill Grunt
84%
WaterZap
80%
FireEruptor
78%
UndeadChop Chop
76%
UndeadHex
75%
WaterSlam Bam
75%
EarthTerrafin
73%
LifeZook
69%
FireFlameslinger
67%
LifeStump Smash
67%
AirWhirlwind
67%
MagicWrecking Ball
67%
EarthBash
65%
UndeadGhost Roaster
65%
AirLightning Rod
65%
EarthPrism Break
65%
FireSunburn
65%
AirSonic Boom
64%
UndeadCynder
62%
FireIgnitor
62%
MagicVoodood
62%
AirWarnado
62%
TechDrill Sergeant
60%
LifeCamo
58%
EarthDino Rang
58%
MagicDouble Trouble
56%
TechDrobot
56%
WaterWham Shell
56%
TechBoomer
51%

Score Distribution

Percentile by Number Answered

Percent of People with Each Score

Your Score History

You have not taken this quiz